LEADER 00860nam a2200181 i 4500 001 000000024937 003 CaOOAMICUS 005 20180830125446.0 008 180830s2008 it u000 u ita u 040 $aSeMil$bita 245 13$aUn goût d'esperance :$bvers un nouveau visage de l'Église /$cAlbert Rouet ... [et al.]. 260 $aParis :$bBayard,$c2008. 300 $av. ;$c21 cm. 650 4$aPoitiers (Arcidiocesi) - Parrocchie.$0(OLS)http://semarc/subject/3935 700 1 $aRouet, Albert,$c.$0(OLS)http://semarc/name/11033 774 0 $tExpérience des communautés locales à Poitiers.$dParis : Bayard, 2008.$z978-2-227-47742-1$g2$w()202166 996 $6245$aUn goût d'esperance :$bvers un nouveau visage de l'Église$9(OLS)http://semarc/title/33598 996 $6260$aParis :$bBayard$9(OLS)http://semarc/publisher/30832 LEADER 00561nam a2200157 i 4500 001 000000000967 003 CaOOAMICUS 005 20180830125434.0 008 180830s1908 fr u000 u und u 040 $aSeMil$bita 245 10$aTome 2. 700 1 $aHefele, Karl Joseph .$0(OLS)http://semarc/name/761 773 0 $aHefele, Karl Joseph $tHistoire des conciles.$dParis : Letouzey et Ané, 1907-1952.$w()884 774 0 $t1ère partie.$w()104726 774 0 $t2ème partie.$w()104727 996 $6245$aTome 2$9(OLS)http://semarc/title/1533